000
00335nam a2200133Ia 4500
008
240624s9999 xx 000 0 und d
041
_a
eng
082
_a
657 JIA
100
_a
JIAMBALVO JAMES
245
_a
MANAGERIAL ACCOUNTING
250
_a
(2nd ed.)
260
_c
2007
_a
New Delhi
_b
Wiley India
300
_a
xxxi, : 512 : p. : cm. ; 23
999
_c
7937
_d
7937